[Event "POL-ch Academic"]
[Site "Katowice"]
[Date "2018.02.02"]
[Round "1"]
[White "Sielicki, Krzysztof"]
[Black "Lewtak, Damian"]
[Result "0-1"]
[WhiteElo "1600"]
[BlackElo "2387"]
[PlyCount "76"]
[EventDate "2018.02.02"]
[EventType "swiss (rapid)"]
[EventRounds "9"]
[EventCountry "POL"]
[SourceTitle "CBM 182 Extra"]
[Source "ChessBase"]
[SourceDate "2018.02.23"]
[SourceVersion "1"]
[SourceVersionDate "2018.02.23"]
[SourceQuality "1"]

1. e4 c5 2. Nf3 Nf6 3. Nc3 Nc6 4. d4 d5 5. exd5 Nxd5 6. Nxd5 Qxd5 7. Be3 cxd4 8. Nxd4 a6 9. Qf3 Qxf3 10. Nxf3 e5 11. Bc4 Bf5 12. c3 Rc8 13. Be2 f6 14. 0-0 Na5 15. Nd2 g5 16. Bb6 Nc6 17. Nc4 Be6 18. Rfd1 h5 19. Nd6+ Bxd6 20. Rxd6 Ke7 21. Rad1 Nd4 22. cxd4 Kxd6 23. dxe5+ Ke7 24. exf6+ Kf7 25. Be3 g4 26. Bd4 Rhd8 27. Kf1 Rd5 28. Bc3 Rxd1+ 29. Bxd1 Bxa2 30. f3 Be6 31. Kf2 b5 32. h3 gxh3 33. gxh3 Bxh3 34. Kg3 Be6 35. f4 Bg4 36. Bb3+ Be6 37. Bd1 Rg8+ 38. Kh4 Kg6 0-1